Optimizing emergency department throughput (Record no. 3880)

MARC details
000 -LEADER
fixed length control field 00573 a2200169 4500
000 - LEADER
fixed length control field BKB
001 - CONTROL NUMBER
control field 070433
005 - DATE AND TIME OF LATEST TRANSACTION
control field 20200902150829.0
008 - FIXED-LENGTH DATA ELEMENTS--GENERAL INFORMATION
fixed length control field
082 ## - DEWEY DECIMAL CLASSIFICATION NUMBER
Classification number 362.11068
Item number S69O
100 1# - MAIN ENTRY--PERSONAL NAME
Personal name Shiver, M. Joh
245 1# - TITLE STATEMENT
Title Optimizing emergency department throughput
Statement of responsibility, etc by M. Joh Shiver and David Eitel Mha
260 ## - PUBLICATION, DISTRIBUTION, ETC. (IMPRINT)
Place of publication, distribution, etc London
Name of publisher, distributor, etc Routledge
Date of publication, distribution, etc 2010
300 ## - PHYSICAL DESCRIPTION
Extent 247p.
690 ## - LOCAL SUBJECT ADDED ENTRY--TOPICAL TERM (OCLC, RLIN)
Topical term or geographic name as entry element Emergency Service, Hospital -- organization & administration.; Hospitals -- Emergency services -- Management.;
700 ## - ADDED ENTRY--PERSONAL NAME
Personal name Mha, David Eitel
Numeration
Titles and other words associated with a name
Holdings
Withdrawn status Lost status Damaged status Not for loan Home library Current library Date acquired Cost, normal purchase price Total Checkouts Full call number Barcode Date last seen Price effective from Koha item type
        Central University Of Rajasthan Central University Of Rajasthan 07/03/2012 3337.37   362.11068 S69O 4720 21/11/2024 02/09/2020 Books